| 000 | 01263cab a2200229 4500 | ||
|---|---|---|---|
| 001 | ##L135930 | ||
| 008 | 061219n2006 000 0 eng u | ||
| 035 | _a(Sirsi) u135930 | ||
| 041 | 0 | _aeng | |
| 110 | 2 | _aBuilding Research Establishment | |
| 245 | 0 | 0 | _aBRE Certification to run a home inspector certification scheme |
| 260 | _c2006 | ||
| 490 | 0 |
_aBRE News Release _v14 December 2006 |
|
| 520 | _aDCLG has appointed BRE Certification to operate a certification scheme for home inspectors. The scheme will assess home inspectors against requirements set out in the DCLG standards, including a review of appropriate qualifications, criminal records and financial probity. Successful home inspectors will be given certificates, placed on a central register, and certification will be maintained through checking home condition reports and energy performance certificates. | ||
| 590 | _aKA | ||
| 650 | 2 | 4 | _aHOME CONDITION REPORTS |
| 650 | 2 | 4 | _aENERGY PERFORMANCE CERTIFICATES |
| 651 | 4 |
_aEngland and Wales _y1543- |
|
| 690 | _aCAREERS, EDUCATION AND TRAINING-RICS ACCREDITATION AND CERTIFICATION SCHEMES-HOME CONDITION INSPECTOR | ||
| 856 | 4 | 0 |
_uhttps://www.bre.co.uk/newsdetails.jsp?id=423 _zView the item free of charge at www.bre.co.uk... |
| 942 | _n0 | ||
| 999 |
_c78068 _d78068 |
||